000 00551nam a22001937a 4500
001 T027600007017
008 181111b xve|||||r|||| 00| | esp d
099 _aIVP-D-03553
_b
100 _aMinisterio de Planificación y Desarrollo (MPD).
245 _aPlan Operativo Anual Nacional para el Ejercicio Fiscal 2003.
260 _aOctubre, 2002.
300 _a127
500 _aFotocopiado
650 _aPlanes Operativos Institucionales
650 _aPresupuesto--Venezuela 2003.
650 _aVenezuela.
650 _aEspaƱol.
942 _cLIB
999 _c8145
_d8145